Lm̕ites a la propiedad intelectual y nuevas tecnologa̕s incidencias por la Ley 23/2006, de 7 de julio /

Detalles Bibliográficos
Otros Autores: Moreno Martn̕ez, Juan Antonio (ed.), Algarra Prats, Esther
Formato: eBook
Lenguaje:español
Publicado: Madrid : Dykinson, 2008
Materias:
Acceso en línea:Acceso restringido

MARC

LEADER 00000nam a2200000 a 4500
005 20120111142454.0
007 cr |||||||||||
008 090305s2008 sp |||||s| 00| ||spa|c
020 |a 9788498493467 (cart.) 
035 |a 4743 
040 |d vLex 
043 |a e-sp--- 
090 |c 2908  |d 2908 
245 0 0 |a Lm̕ites a la propiedad intelectual y nuevas tecnologa̕s  |h [Recurso electrn̤ico] :  |b incidencias por la Ley 23/2006, de 7 de julio /  |c Juan Antonio Moreno Martn̕ez, coordinador ; Algarra Prats, E. ... [et al.] 
256 |a Servicio en ln̕ea 
260 |a Madrid :  |b Dykinson,  |c 2008 
300 |a 1 recurso electrn̤ico 
500 |a Se acometen en esta obra estudios sobre las dos excepciones que sobre el derecho de reproduccin̤ se contienen en el art. 31 LPI: las reproducciones provisionales, de nueva y obligada incorporacin̤, y la que resulta de la copia para uso privado, cuya modificacin̤ se ha visto necesaria, fruto del impacto de la tecnologa̕ digital. Se analiza el lm̕ite con fines de seguridad pb︢lica y para el correcto desarrollo de procedimientos oficiales –art. 31 bis 1.– cuya novedad ms̀ relevante es la insercin̤ de aquľ en nuestra normativa. Asimismo el lm̕ite que con carc̀ter general se reconoce en beneficio de personas con discapacidad –art. 31 bis 2.–, y no restringido, como ocurra̕ con anterioridad, a tan solo invidentes. Dadas las modificaciones introducidas en la regulacin̤ que sobre la recopilacin̤ de artc̕ulos periods̕ticos –art. 32.1. pr̀rafo 2ð–, en las que se acota su contenido, se justifica un anl̀isis de este lm̕ite. Parecidas consideraciones deben efectuarse en relacin̤ con los nuevos lm̕ites que por fines educativos –art. 32. 2.– o de libre consulta de obras mediante terminales especializados en determinados establecimientos –art. 37. 3.– se vienen a incorporar en clara respuesta a ciertas previsiones comunitarias. Asimismo se analiza la problemt̀ica que pueden generar las medidas tecnolg̤icas de proteccin̤, incorporadas en soportes digitales, en su conciliacin̤ con los intereses de los consumidores. Se aborda por l︢timo cierta controversia internacional que puede suscitarse entre los proveedores de contenidos digitales protegidos por sistemas DRM y los usuarios. 
506 1 |a Contenido solo disponible en los productos indicados  |d vLex Global   |d vLex Global (Academic Edition, excluding Law Schools)   |d vLex Global (U.S. Academic Edition, Law Schools)   |d vLex Global (U.S. Academic Edition, excluding Law Schools)   |d vLex Global (Academic Edition, Law Schools)  
650 0 4 |a Propiedad intelectual  |z Espaą 
650 0 4 |a Derechos de autor  |z Espaą 
650 0 4 |a Derechos de autor e informt̀ica  |z Espaą 
650 0 4 |a Medios de comunicacin̤ digitales  |x Derecho y legislacin̤  |z Espaą 
700 1 |a Moreno Martn̕ez, Juan Antonio,  |e ed. 
700 1 |a Algarra Prats, Esther 
740 0 |a vLex Libros (Servicio en ln̕ea) 
856 4 0 |z Acceso restringido  |u http://vlex.com/source/limites-propiedad-intelectual-nuevas-tecnologias-4743 
942 |c BOOK 
999 0 |a  Intellectual property 
999 0 |a Civil law